Výroční zpráva za rok 1994

Korporativní autor: Výzkumný ústav geodetický, topografický a kartografický
Jazyk: Čeština
Vydáno: Zdiby : Výzkumný ústav geodetický, topografický a kartografický, 1995
Témata:
Fyzický popis: 51 s. : tab. ; 21 cm
Knihy
Uloženo v:
LEADER 01449nam a2200397 a 4500
001 000030283
003 CZ BrMZK
005 20250219143514.0
008 950313s1995 xr e 0 cze d
015 |z cnb000108897 
035 |a (OCoLC)37253072 
040 |a BOA001  |b cze 
043 |a e-xr--- 
045 |a x9x9 
072 7 |a 528  |x Geodezie. Kartografie  |2 Konspekt  |9 7 
080 |a 001.32  |2 MRF 
080 |a 528  |2 MRF 
080 |a 528.9  |2 MRF 
080 |a 528.425  |2 MRF 
080 |a (437.3)  |2 MRF 
080 |a (047.1)  |2 MRF 
110 2 |a Výzkumný ústav geodetický, topografický a kartografický  |7 kn20030707004 
245 1 0 |a Výroční zpráva za rok 1994 
260 |a Zdiby :  |b Výzkumný ústav geodetický, topografický a kartografický,  |c 1995 
300 |a 51 s. :  |b tab. ;  |c 21 cm 
610 2 7 |a Výzkumný ústav geodetický, topografický a kartografický  |7 kn20030707004  |2 czenas 
648 7 |a 20. století  |7 ch460558 
648 4 |a 1994 
650 0 7 |a výzkumné ústavy  |z Česko  |y 20. století  |7 ph127482  |2 czenas 
650 0 7 |a geodézie  |z Česko  |y 20. století  |7 ph114613  |2 czenas 
650 0 7 |a kartografie  |z Česko  |y 20. století  |7 ph114874  |2 czenas 
650 0 7 |a topografie  |z Česko  |y 20. století  |7 ph126691  |2 czenas 
655 7 |a výroční zprávy  |7 fd133860  |2 czenas 
910 |a BOA001  |b X-1006.728,1994 
990 |a BK 
996 7 |b 2610023621  |c X-1006.728,1994  |l MZK  |r Sklad / do 24 hodin  |n 1  |p p.v.  |w 000030283  |u 000010  |a 1  |e BOA001  |j MZK50  |s A